Essentials of marketing / (Record no. 1810)

000 -LEADER
fixed length control field 00934cam a2200277 a 4500
001 - CONTROL NUMBER
control field 15325415
003 - CONTROL NUMBER IDENTIFIER
control field OSt
005 - DATE AND TIME OF LATEST TRANSACTION
control field 20150520153932.0
008 - FIXED-LENGTH DATA ELEMENTS--GENERAL INFORMATION
fixed length control field 080611s2008 enka b 001 0 eng
010 ## - LIBRARY OF CONGRESS CONTROL NUMBER
LC control number 2008026073
020 ## - INTERNATIONAL STANDARD BOOK NUMBER
International Standard Book Number 9780273717362
040 ## - CATALOGING SOURCE
Original cataloging agency DLC
Transcribing agency DLC
Modifying agency DLC
050 00 - LIBRARY OF CONGRESS CALL NUMBER
Classification number HF5415.B485 2008
082 00 - DEWEY DECIMAL CLASSIFICATION NUMBER
Classification number 658
Edition number 22
100 1# - MAIN ENTRY--PERSONAL NAME
Personal name Blythe, Jim.
245 10 - TITLE STATEMENT
Title Essentials of marketing /
Statement of responsibility, etc Jim Blythe.
250 ## - EDITION STATEMENT
Edition statement 4th ed.
260 ## - PUBLICATION, DISTRIBUTION, ETC. (IMPRINT)
Place of publication, distribution, etc Harlow, England ;
-- New York :
Name of publisher, distributor, etc FT Prentice Hall,
Date of publication, distribution, etc 2008.
300 ## - PHYSICAL DESCRIPTION
Extent xx, 335 p. :
Other physical details col. ill. ;
Dimensions 27 cm.
504 ## - BIBLIOGRAPHY, ETC. NOTE
Bibliography, etc Includes bibliographical references and index.
650 #0 - SUBJECT ADDED ENTRY--TOPICAL TERM
Topical term or geographic name as entry element Marketing.
856 41 - ELECTRONIC LOCATION AND ACCESS
Materials specified Table of contents only
Uniform Resource Identifier <a href="http://www.loc.gov/catdir/toc/ecip0820/2008026073.html">http://www.loc.gov/catdir/toc/ecip0820/2008026073.html</a>
906 ## - LOCAL DATA ELEMENT F, LDF (RLIN)
a 7
b cbc
c orignew
d 1
e ecip
f 20
g y-gencatlg
942 ## - ADDED ENTRY ELEMENTS (KOHA)
Source of classification or shelving scheme
Koha item type Book
Holdings
Withdrawn status Lost status Source of classification or shelving scheme Damaged status Not for loan Home library Current library Shelving location Date acquired Total Checkouts Total Renewals Full call number Barcode Date last seen Date checked out Copy number Price effective from Koha item type
          Riara University Library Riara University Library General stack 20/05/2015 6 2 HF5415.B485 2008 5905/16 02/04/2024 05/03/2024 C.1 20/05/2015 Book

Riara University Library,
P.O. Box 49940-00100,
Nairobi, Kenya.